Encuentro matemático: LV

Збережено в:
Бібліографічні деталі
Співавтори: Universidad Católica de Valparaíso (Автор), Sociedad de Matemática de Chile (Автор)
Формат: Книга
Мова:Іспанська
Опубліковано: Valparaíso Universidad Católica de Valparaíso 1982
Предмети:
Теги: Додати тег
Немає тегів, Будьте першим, хто поставить тег для цього запису!

MARC

LEADER 00000nam a2200000 a 4500
001 UCL7300
003 CL-VaPUC
005 20230718074443.0
008 040514e19820000cl 1 spa d
082 0 4 |a 510  |b UNI  |2 21 
110 2 |a Universidad Católica de Valparaíso  |e author  |9 620584 
710 |a Sociedad de Matemática de Chile  |e author  |9 620585 
245 1 0 |a Encuentro matemático: LV 
260 |a Valparaíso  |b Universidad Católica de Valparaíso  |c 1982 
300 |a Pag. irreg 
583 |a last modification  |c 20040514 00:00:00  |k Rodrigo Vera 
650 0 0 |a Matemática  |9 260235 
650 0 0 |a Geometría   |9 264063 
650 0 0 |a Álgebra  |9 259567 
650 0 0 |a Topología   |9 260092 
650 0 0 |a Teoría de grupos   |9 270028 
650 0 7 |a ESPECTRAL  |2 CL-VaPUC  |9 620586 
942 |c BK 
945 |a cmena  |d 20040514 00:00:00 
546 |a En Español 
518 |p Encuentro Matemático, 55, Valparaíso, 8 al 9 de Octubre de 1982 
999 |c 384039  |d 384037 
952 |0 0  |1 0  |4 0  |6 510_000000000000000_UNI_1982  |7 0  |8 P  |9 506447  |a BIBMAT  |b BIBMAT  |d 2020-01-23  |i 4015592  |o 510 UNI 1982  |p 4015592  |r 2025-01-07  |w 2020-01-23  |y BK  |k MAT